000 01232nam a22002657a 4500
005 20240530110623.0
008 161229s2013 ua ah f b 000 0 ara d
017 _a2013/2458
_bمصر. دار الكتب
020 _a9789773504514
040 _aEG-CaGPL
_cEG-CaGPL
082 0 4 _221
_a726.2
_bق/م م
100 0 _aمجدى عبدالجواد علوان عثمان
245 1 0 _aماذن العصرين المملوكى و العثمانى فى دلتا النيل :
_bدراسة اثارية ضمن حلقة تطوير التراث المعمارى الاسلامى فى مصر /
_cتاليف مجدى عبدالجواد علوان عثمان ؛ تقديم امال العمرى
250 _aط. 1
260 _aالقاهرة :
_bالمؤلف ،
_c2013.
300 _a287 ص. :
_bاشكال ، صور ؛
_c24 سم.
504 _aيشتمل على ارجاعات ببليوجرافية
650 0 7 _2qrmak
_aالعمارة الاسلامية
650 0 7 _2qrmak
_aالماذن
650 0 7 _2qrmak
_aالماذن
_xتاريخ
_yالعصر المملوكى
650 0 7 _2qrmak
_aالماذن
_xتاريخ
_yالعصر العثمانى
651 _2qrmak
942 _2ddc
_cBK
999 _c63103
_d63103